Kuka on tehnyt kappaleen 4 jätti - Statistics

Yleistilastot
  • Tätä visaa on pelattu 104 kertaa
  • Keskiarvotulos 38 / 100
Vastaustilastot
Kappale Tekijä % Oikein
Nummela Anssi kela
92%
Valot pimeyksien reunoilla Apulanta
89%
Sinun vuorosi loistaa Juha tapio
86%
Kiitos ei ole kirosana Haloo Helsinki
84%
Kymmenen kirosanaa Irina
78%
Vanha nainen hunningolla Erin
77%
Lähtisitkö Pave maijanen
77%
Roy orbison Stig
77%
Puhu äänellä jonka kuulen Happoradio
72%
Kuunnellaan vaan taivasta Hector
72%
Missä se väinö on J karjalainen
72%
Kuka keksi rakkauden Kaija koo
70%
Lähiöunelmii Teflon brothers
70%
Ikuinen virta Indica
69%
Ihmisen poika
69%
Volga Frederik
66%
Pohjola Olli halonen
66%
Joutsenet Pmmp
66%
Marilyn Juice Leskinen
64%
Minä suojelen sinua kaikelta Ultra bra
62%
Viistäköön siipeni maata Elonkerjuu
59%
Tähti pölyä Samuli edelmann
58%
Ajetaan tandemilla Freeman
57%
Surun pyyhit silmistäni Kirka
57%
Oothan tässä vielä huomenna Johanna kurkela
55%
Kipua Mikael Gabriel
55%
Kesäyö Pariisin kevät
53%
Esson baariin Poju
53%
Hyvää puuta Vesa matti loiri
53%
Rafaelin enkeli Pekka ruuska
50%
Hetken tie on kevyt Tehosekoitin
50%
Viimeinen Nylon beat
49%
Aamun kuiskaus Stella
49%
Kusessa ollaan Irwin goodman
47%
Rakkauden haudalla Jonna tervomaa
47%
Sinä olet minun Lauri tähkä
47%
Ei yksinäinen unta saa Neon 2
46%
Tavalliset hautajaiset Samuli putro
46%
Taiteilija elämää Ismo alanko
45%
Helvetistä itää Kotiteollisuus
45%
Ikkunaprinsessa Rauli badding somerjoki
43%
Tuulilasin nurkkaan Teleks
43%
Kukaan ei koskaan Vesterinen Yhtyeineen
43%
Sun täytyy mennä | Öisellä rannalla Neljä ruusua
42%
Kalajoen hiekat Tapani kansa
42%
Tuuleksi taivaanrantaan Tiktak
42%
Hyvää yötä ja huomenta Don huonot
39%
Käyn ahon laitaan Juha vainio
39%
Baareja taivaaseen Popeda
39%
Soutaa huopaa Elokuu
38%
Pieni hiace Jope ruonansuu
38%
Kaupungin tavoitelluin remonttimies Leevi and the leavings
38%
Me ei kuolla koskaan Olavi uusivirta
38%
Muutkin mokaa Pauli hanhiniemi
38%
Sorateiden sankarit Arttu wiskari
36%
Sadan vuoden päästäkin Eppu normaali
36%
Bourbon street Hurriganes
36%
Striptease tanssija Kaseva
34%
Kerran Laura voutilainen
34%
Hölmö rakkaus Scandinavian music group
34%
Ikävä lokakuu Hausmylly
32%
Oikeesti Finlanders
31%
Paalupaikka Kari tapio
30%
Oi suomen nuoria Kolmas nainen
28%
Pelimies Martti vainaa
28%
Voipallo Miljoonasade
28%
Huomenna Uniklubi
28%
Ihminen Zen cafe
28%
Yhdet suomelle Klamydia
24%
Kaksi kitaraa Topi sorsakoski
22%
Elokuun 11 Suurlähettiläät
20%
Se ei käy Lapinlahden linnut
18%
Pyyhi kyyneleet Mamba
18%
Mansikkaa ja valkoapilaa Neljänsuora
15%
Tytöt ovat kauniita Yölintu
15%
Hullu Juju
14%
Kolmospullo Turo's hevi gee
14%
Welcome to my life Sunrise avanue
12%
Kuolleen miehen kupletti Viikate
12%
Avaruuden aikataulut Aknestik
11%
Lastenlaulu Nypykat
11%
Nyt loppuu todellisuus Puolikuu
11%
Elämältä turpiin sain Tiisu
9%
Ikävä Janne hurme
8%
Antaa surun mennä Joel hallikainen
8%
Kun tyttö rakastui punkkariin Juustopäät
8%
Pieni murha polttaja Sanna ja lapset
8%
Helppo elämä Juliet Jonesin sydän
7%
Ensisuudelma Tyrävyö
7%
Älä sano ei Kake randelin
5%
Lemmikkihautuumaa Pojat
4%
Goodbay forever Francine
3%
Ainutlaatuinen kusipää Kätfish
3%
Tää ilta Retropop
3%
Roviolla Gimnel
1%
Surusilmäinen kauneus Tuure Kilpeläinen ja kaihon karvaani
1%
Kauniimpi ilman sinua Aston kalmari
0%
Jos tää paska ei lopu koskaan Erakossa
0%
Tähdeksi Hollywoodiin Kirkkovene
0%
Ehtoja vastaavia visoja ei löytynyt
Tulosjakauma
Jokaisen tuloksen saaneiden osuus
Persentiili vastausten määrän mukaan
Tuloshistoriasi
Et ole pelannut tätä visaa